MARC details
| 000 -LEADER |
| campo de control de longitud fija |
01534nas a2200385 i 4500 |
| 001 - NÚMERO DE CONTROL |
| campo de control |
2877 |
| 003 - IDENTIFICADOR DE NÚMERO DE CONTROL |
| campo de control |
ES-MaACL |
| 005 - FECHA Y HORA DE LA ÚLTIMA TRANSACCIÓN |
| campo de control |
20250724062610.0 |
| 007 - CAMPO FIJO DE DESCRIPCIÓN FÍSICA--INFORMACIÓN GENERAL |
| campo de control de longitud fija |
t| |
| 008 - DATOS DE LONGITUD FIJA--INFORMACIÓN GENERAL |
| campo de control de longitud fija |
030331d18841901sp zrype 0 |spa d |
| 022 ## - NÚMERO INTERNACIONAL NORMALIZADO PARA PUBLICACIONES SERIADAS |
| Número Internacional Normalizado para Publicaciones Seriadas |
2478-7418 |
| 040 ## - FUENTE DE CATALOGACIÓN |
| Centro/agencia transcriptor |
ES-MaACL |
| 080 ## - NÚMERO DE LA CLASIFICACIÓN DECIMAL UNIVERSAL |
| Número de la Clasificación Decimal Universal |
05 |
| 080 ## - NÚMERO DE LA CLASIFICACIÓN DECIMAL UNIVERSAL |
| Número de la Clasificación Decimal Universal |
008 |
| 080 ## - NÚMERO DE LA CLASIFICACIÓN DECIMAL UNIVERSAL |
| Número de la Clasificación Decimal Universal |
355(460) |
| 245 03 - MENCIÓN DEL TÍTULO |
| Título |
La Ilustración nacional / |
| Mención de responsabilidad, etc. |
director propietario, Arturo Zancada y Conchillos. |
| 246 3# - FORMA VARIANTE DEL TITULO |
| Texto de visualización |
Subt. de cub. : |
| Título propio/Titulo breve |
revista literaria, científica y artística : bellas artes, retratos, vistas, actualidades, teatros, viajes, fastos militares, monumentos, fortalezas, armas, etc. |
| 246 3# - FORMA VARIANTE DEL TITULO |
| Título propio/Titulo breve |
La Ilustración nacional (Madrid) |
| 260 ## - PUBLICACIÓN, DISTRIBUCIÓN, ETC. |
| Lugar de publicación, distribución, etc. |
Madrid : |
| Nombre del editor, distribuidor, etc. |
La Ilustración Nacional, |
| Fecha de publicación, distribución, etc. |
1884-1901 |
| Fabricante |
(Tip. Enrique Rubiños) |
| 300 ## - DESCRIPCIÓN FÍSICA |
| Extensión |
14 volúmenes : |
| Otras características físicas |
ilustraciones ; |
| Dimensiones |
39 cm. |
| 310 ## - PERIODICIDAD ACTUAL |
| Periodicidad actual |
Decenal |
| 362 0# - FECHAS DE PUBLICACIÓN Y/O DESIGNACIÓN SECUENCIAL |
| Fecha de publicación y/o designación secuencial |
T. II, año V, n. 41 (20 oct. 1884) - t. XIX, año XXII, n. 22 (28 oct. 1901) |
| 500 ## - NOTA GENERAL |
| Nota general |
Índices |
| 530 ## - NOTA DISPONIBLE DE FORMULARIO FÍSICO ADICIONAL |
| Nota de formato físico adicional disponible |
Disponible en formato digital. |
| 650 #4 - PUNTO DE ACCESO ADICIONAL DE MATERIA--TÉRMINO DE MATERIA |
| Término de materia o nombre geográfico como elemento de entrada |
Revistas de información general. |
| 9 (RLIN) |
16896 |
| 650 #7 - PUNTO DE ACCESO ADICIONAL DE MATERIA--TÉRMINO DE MATERIA |
| Término de materia o nombre geográfico como elemento de entrada |
Cultura |
| Fuente del encabezamiento o término |
embne |
| 9 (RLIN) |
170963 |
| 650 #4 - PUNTO DE ACCESO ADICIONAL DE MATERIA--TÉRMINO DE MATERIA |
| Término de materia o nombre geográfico como elemento de entrada |
Fuerzas armadas- |
| Subdivisión geográfica |
España- |
| Subdivisión cronológica |
S.XIX. |
| 9 (RLIN) |
13003 |
| 700 1# - ENTRADA AGREGADA--NOMBRE PERSONAL |
| Nombre de persona |
Zancada y Conchillos, Arturo. |
| 9 (RLIN) |
137769 |
| Término indicativo de función/relación |
Director de publicación |
| 780 00 - ENLACE A UN TÍTULO/ENTRADA ANTERIOR |
| Título |
La Ilustración militar |
| 852 4# - LOCALIZACIÓN |
| Ubicación |
ES-MaACL |
| Anterior ubicación en estantería |
Olim: Hem-1261-bis |
| 856 4# - LOCALIZACIÓN Y ACCESO ELECTRÓNICOS |
| Identificador Uniforme de Recursos |
<a href="https://prensahistorica.mcu.es/es/consulta/registro.do?id=6127">https://prensahistorica.mcu.es/es/consulta/registro.do?id=6127</a> |
| Nota pública |
Texto completo |
| Nota no pública |
Biblioteca Virtual de Prensa Histórica |
| 866 #0 - MENCIÓN TEXTUAL DE FONDOS--UNIDAD BIBLIOGRÁFICA BÁSICA |
| -- |
1884,1886-88,1891-1901 |
| 942 ## - ELEMENTOS DE ENTRADA SECUNDARIOS (KOHA) |
| Fuente del sistema de clasificación o colocación |
Clasificación decimal universal |
| Tipo de ítem Koha |
Revista |
| Suprimir en OPAC |
No |